000 00824nam a2200205 a 4500
001 000039614
005 20201002033639.0
008 130711s2012 sp 000 0 spa d
020 _a9788497172264
040 _aDO-SdBNP
_bspa
_cBNPHU
100 1 _aGil Amate, Virginia
_965786
245 1 0 _aSueños de unidad hispánica en el siglo XVIII :
_bun estudio de tardes americanas de José Joaquín Granados y Gálvez /
_cVirginia Gil Amante ; prólogo José Carlos Rovira.
260 _aMurcia, España :
_bUniversidad de Alicante,
_c2012.
300 _a284 p. ;
_c19 cm.
490 1 _aCuadernos de américa sin nombre
_vno. 30
500 _aIncluye notas al pie de las páginas
504 _aBibliografía : p. 269-284
700 1 _aRovira, José Carlos,
_epról.
_97439
830 0 _aCuadernos de américa sin nombre
_n30
_965787
999 _c39104
_d39104